| 000 | 00337nam a22001451a 4500 | ||
|---|---|---|---|
| 999 |
_c35696 _d35696 |
||
| 020 | _a9788185616919 | ||
| 082 |
_aS 294.537 _bTAR/P |
||
| 100 | _aTharachand Garg | ||
| 245 |
_aPrathikopasana/ _cby Tharachand Garg |
||
| 260 |
_aNew Delhi: _bSharada, _c2003. |
||
| 300 | _a110p. | ||
| 650 | _aHinduism | ||
| 650 | _aReligion | ||
| 942 | _cBK | ||